Open Skies (Record no. 11952)

MARC details
000 -LEADER
fixed length control field 00813nam a2200121Ia 4500
008 - FIXED-LENGTH DATA ELEMENTS--GENERAL INFORMATION
fixed length control field 220615s9999||||xx |||||||||||||| ||und||
100 ## - MAIN ENTRY--PERSONAL NAME
Personal name Kellermann, Kenneth I.||Bouton, Ellen N.||Brandt, Sierra S.
245 #0 - TITLE STATEMENT
Title Open Skies
Remainder of title The National Radio Astronomy Observatory and Its Impact on US Radio Astronomy
546 ## - LANGUAGE NOTE
Language note English[eng]
650 ## - SUBJECT ADDED ENTRY--TOPICAL TERM
Topical term or geographic name entry element Astronomy, Observations and Techniques||History and Philosophical Foundations of Physics||History of Science||Philosophical Foundations of Physics and Astronomy||Radio Astronomy in the USA||NRAO||Radio astronomers||SETI||Search for extraterrestrial intelligence||Radio astronomy politics and culture||Radio telescope construction||open access||Astronomy, space & time
856 ## - ELECTRONIC LOCATION AND ACCESS
Uniform Resource Identifier <a href="https://library.oapen.org/bitstream/20.500.12657/47264/1/9783030323455.pdf">https://library.oapen.org/bitstream/20.500.12657/47264/1/9783030323455.pdf</a>
942 ## - ADDED ENTRY ELEMENTS (KOHA)
Koha item type E-Books
Holdings
Withdrawn status Lost status Damaged status Not for loan Home library Current library Date acquired Total Checkouts Date last seen Price effective from Koha item type
        Kerala University of Digital Sciences, Innovation and Technology Knowledge Centre Kerala University of Digital Sciences, Innovation and Technology Knowledge Centre 15/06/2022   15/06/2022 15/06/2022 E-Books